000
00353nam a2200133Ia 4500
008
201216s9999||||xx |||||||||||||| ||und||
084
_a
778.5
_b
С 242
_2
10-t
100
_a
Свердлин Л.
245
0
_a
Статьи
_c
Ред. Л.А.Пичхадзе
260
_c
1979
_a
М
_b
Искусство
300
_a
319
546
_a
Орос
942
_c
BK
999
_c
520365
_d
520422